00694 2200241 4500001002100000005001700021008004100038035002400079082000800103090001500111100001600126245009900142250000800241260002500249300003100274500005300305650002800358700001800386850001200404980001500416985000600431999001500437YOGYA-0209000006553520090227091823.0 ind  0010-020900000065535 a650 a650bMor U aMORRIS, M.J aUsaha kecil yang berhasilbbagaimana mempersiapkannyacM.J. Morris ; alih bahasa, Arum Gayatri aCet aJakartabArcanc1993 aviii, 147 hlmbilusc21 cm aJudul asli : Starting a successful small busikes aUsaha kecil - Manajemen aGayatri, Arum aYOPDYOG a23-10-2008 a1 a94P0052619